000 02332nam a2200289 a 4500
008 120416s1955 ||||||||||||||||| || u
050 _aNA 2840 Arc
100 _aWright, Lance
245 1 0 _aArchitects' working details
_cedited by D.A.C.A. Boyne
260 _aLondon:
_bThe Architectural Press
_c1955
350 _a0.00
650 _aARCHITECTS
650 _aARCHITECTURAL DESIGN--EVALUATION
700 _aBoyne, D. A. C. A
995 _aANNEX COLLECTION (Main Library)
_D0.00
_e715820
_FCBU-MAIN LIBRARY (Kitwe)
_H5
_I4.00
_jNA 2840 Arc
_M7
_UAVAILABLE
_y021125
_ZAnnex Low-Usage Collection
995 _aANNEX COLLECTION (Main Library)
_D0.00
_e717990
_FCBU-MAIN LIBRARY (Kitwe)
_H2
_I4.00
_jNA 2840 Arc
_M8
_UAVAILABLE
_y024087
_ZAnnex Low-Usage Collection
995 _aANNEX COLLECTION (Main Library)
_D0.00
_e715819
_FCBU-MAIN LIBRARY (Kitwe)
_H4
_I4.00
_jNA 2840 Arc
_M1
_UAVAILABLE
_y020154
_ZAnnex Low-Usage Collection
995 _aANNEX COLLECTION (Main Library)
_D0.00
_e716673
_FCBU-MAIN LIBRARY (Kitwe)
_H9
_I4.00
_jNA 2840 Arc
_M2
_UAVAILABLE
_y020196
_ZAnnex Low-Usage Collection
995 _aBINDERY (DAMAGED)
_D0.00
_e716697
_FCBU-MAIN LIBRARY (Kitwe)
_H6
_I4.00
_jNA 2840 Arc
_M10
_UDAMAGED
_y021960
_ZMain Library Open Access Collection
995 _aBINDERY (DAMAGED)
_D0.00
_e715821
_FCBU-MAIN LIBRARY (Kitwe)
_H1
_I4.00
_jNA 2840 Arc
_M6
_UDAMAGED
_y020910
_ZMain Library Open Access Collection
995 _aANNEX COLLECTION (Main Library)
_D0.00
_e715823
_FCBU-MAIN LIBRARY (Kitwe)
_H11
_I4.00
_jNA 2840 Arc
_M5
_UAVAILABLE
_y020905
_ZAnnex Low-Usage Collection
995 _aANNEX COLLECTION (Main Library)
_D0.00
_e715822
_FCBU-MAIN LIBRARY (Kitwe)
_H10
_I4.00
_jNA 2840 Arc
_M1
_UAVAILABLE
_WNov 3, 2006
_y020126
_ZAnnex Low-Usage Collection
995 _aANNEX COLLECTION (Main Library)
_D0.00
_e718112
_FCBU-MAIN LIBRARY (Kitwe)
_H8
_I4.00
_jNA 2840 Arc
_M3
_UAVAILABLE
_y020197
_ZAnnex Low-Usage Collection
995 _aBINDERY (DAMAGED)
_D0.00
_e718113
_FCBU-MAIN LIBRARY (Kitwe)
_H12
_I4.00
_jNA 2840 Arc
_M12
_UDAMAGED
_y021874
_ZMain Library Open Access Collection
995 _aBINDERY (DAMAGED)
_D0.00
_e715764
_FCBU-MAIN LIBRARY (Kitwe)
_H3
_I4.00
_jNA 2840 Arc
_M9
_UDAMAGED
_y715764
_ZMain Library Open Access Collection
995 _aBINDERY (DAMAGED)
_D0.00
_e715765
_FCBU-MAIN LIBRARY (Kitwe)
_H7
_I4.00
_jNA 2840 Arc
_M4
_UDAMAGED
_y020904
_ZMain Library Open Access Collection
999 _c84328
_d84328